| 000 | 06609cam a22020294i 4500 | ||
|---|---|---|---|
| 001 | u50094 | ||
| 003 | PE-LiUPU | ||
| 005 | 20250813165828.0 | ||
| 008 | 150706s2011 mx a rb 001 0 spa d | ||
| 020 | _a6074480672 | ||
| 020 | _a9786074480672 | ||
| 035 | _a(Sirsi) i9786074480672 | ||
| 040 |
_aPE-LiUPU _bspa _cPE-LiUPU _dPE-LiUPU _erda |
||
| 082 | 0 | 4 |
_a616.80475 _bH32 2011 |
| 082 | 0 | 4 |
_a616.80475 _bH32 _221 |
| 100 | 1 |
_aHebben, Nancy, _eautor. |
|
| 245 | 1 | 0 |
_aFundamentos para la evaluación neuropsicológica / _cNancy Hebben, William Milberg ; [traductor], Gonzalo María Vélez Espinosa. |
| 250 | _a2a edición. | ||
| 264 | 1 |
_aMéxico : _bEl Manual Moderno, _c2011. |
|
| 300 |
_a243 páginas : _bilustraciones ; _c23 centímetros |
||
| 336 |
_atext _2rdacontent |
||
| 337 |
_aunmediated _2rdamedia |
||
| 338 |
_avolume _2rdacarrier |
||
| 504 | _aBibliografía : páginas 223-235. | ||
| 504 | _aÍndice : páginas 236-242. | ||
| 505 | 0 | _aIntroducción a la evaluación neuropsicológica -- Evaluación neuropsicológica como disciplina -- Elementos esenciales de la entrevista y del historial clínico -- Elementos esenciales de la selección de pruebas, la administración y la calificación -- elementos esenciales de interpretación -- temas especiales de evaluación neuropsicológica -- Elementos fundamentales de redacción de reportes -- Guía general de evaluación neuropsicológica -- Elementos fundamentales de síndromes de neuroconducta. | |
| 526 | _aP203 | ||
| 526 | _aP200 | ||
| 526 | _aSEG65 | ||
| 526 | _aSEG64 | ||
| 526 | _aSEG63 | ||
| 526 | _aSEG62 | ||
| 526 | _aSEG61 | ||
| 526 | _aSEG60 | ||
| 526 | _aSEG59 | ||
| 526 | _aSEG58 | ||
| 526 | _aSEG57 | ||
| 526 | _aSEG56 | ||
| 526 | _aSEG55 | ||
| 526 | _aSEG54 | ||
| 526 | _aSEG53 | ||
| 526 | _aSEG52 | ||
| 526 | _aSEG51 | ||
| 526 | _aSEG50 | ||
| 526 | _aSEG49 | ||
| 526 | _aSEG48 | ||
| 526 | _aSEG47 | ||
| 526 | _aSEG46 | ||
| 526 | _aSEG24 | ||
| 526 | _aSEG23 | ||
| 526 | _aSEG22 | ||
| 526 | _aSEG21 | ||
| 526 | _aSEG20 | ||
| 526 | _aSEG19 | ||
| 526 | _aSEG18 | ||
| 526 | _aSEG17 | ||
| 526 | _aSEG16 | ||
| 526 | _aSEG14 | ||
| 526 | _aSEG13 | ||
| 526 | _aSEG12 | ||
| 526 | _aSEG11 | ||
| 526 | _aSEG10 | ||
| 526 | _aSEG09 | ||
| 526 | _aSEG06 | ||
| 526 | _aSEG05 | ||
| 526 | _aSEG04 | ||
| 526 | _aSEG03 | ||
| 526 | _aSEG02 | ||
| 526 | _aSEG68 | ||
| 526 | _aSEG66 | ||
| 526 | _aSEG45 | ||
| 526 | _aSEG25 | ||
| 526 | _aSEG01 | ||
| 526 | _aP163 | ||
| 526 | _aP162 | ||
| 526 | _aP161 | ||
| 526 | _aP160 | ||
| 526 | _aP159 | ||
| 526 | _aP158 | ||
| 526 | _aP157 | ||
| 526 | _aP156 | ||
| 526 | _aP155 | ||
| 526 | _aP154 | ||
| 526 | _aP153 | ||
| 526 | _aP152 | ||
| 526 | _aP151 | ||
| 526 | _aP150 | ||
| 526 | _aP149 | ||
| 526 | _aP142 | ||
| 526 | _aP141 | ||
| 526 | _aP140 | ||
| 526 | _aP139 | ||
| 526 | _aP138 | ||
| 526 | _aP137 | ||
| 526 | _aP132 | ||
| 526 | _aP131 | ||
| 526 | _aP130 | ||
| 526 | _aP126 | ||
| 526 | _aP125 | ||
| 526 | _aP124 | ||
| 526 | _aP123 | ||
| 526 | _aP115 | ||
| 526 | _aP122 | ||
| 526 | _aP121 | ||
| 526 | _aP116 | ||
| 526 | _a P114 | ||
| 526 | _aP112 | ||
| 526 | _aP111 | ||
| 526 | _aP104 | ||
| 526 | _aP103 | ||
| 526 | _aP102 | ||
| 526 | _aP101 | ||
| 526 | _aP100 | ||
| 526 | _aP96 | ||
| 526 | _aP95 | ||
| 526 | _aP93 | ||
| 526 | _aP92 | ||
| 526 | _aP91 | ||
| 526 | _aP88 | ||
| 526 | _aP83 | ||
| 526 | _aP82 | ||
| 526 | _aP79 | ||
| 526 | _aP78 | ||
| 526 | _aP75 | ||
| 526 | _aP74 | ||
| 526 | _aP71 | ||
| 526 | _aP69 | ||
| 526 | _a P51 | ||
| 526 | _aP49 | ||
| 526 | _aP48 | ||
| 526 | _aP47 | ||
| 526 | _aP33 | ||
| 526 | _aP31 | ||
| 526 | _a P30 | ||
| 526 | _aP29 | ||
| 526 | _aP27 | ||
| 526 | _aP26 | ||
| 526 | _aP25 | ||
| 526 | _aP24 | ||
| 526 | _a P22 | ||
| 526 | _aP10 | ||
| 526 | _aP09 | ||
| 526 | _a P08 | ||
| 526 | _aP06 | ||
| 526 | _aP05 | ||
| 526 | _aP04 | ||
| 526 | _aP01 | ||
| 541 | _g001-00003175; | ||
| 541 | _g001-003364; | ||
| 541 | _g001-001615; | ||
| 650 | 0 | 4 | _aNeuropsicología clínica. |
| 650 | 0 | 4 | _aPruebas neuropsicológicas. |
| 650 | 0 | 4 |
_aPruebas neuropsicológicas _xEvaluación. |
| 700 | 1 |
_aMilberg, William S., _d1957- , _eautor. |
|
| 700 | 1 |
_aVélez Espinosa, Gonzalo María, _etraductor. |
|
| 910 |
_acce _bjck _ccce _d20151117 |
||
| 910 | _agl20110906 | ||
| 942 |
_2ddc _cBOOK |
||
| 949 |
_a616.80475 H32 2011 _wDEWEY _c1 _iFJ06640 _d2017-3-14 _e2017-3-14 _f2017-12-28 _g1 _lCCODEBUJ1 _mBUJ _n1 _p20.00 _r0 _sY _tBOOK _u2017-2-9 _xSALUD _PP33 _0COMPRA _o.STAFF. Colección General Juliaca |
||
| 949 |
_a616.80475 H32 2011 _wDEWEY _c1 _iFT02502 _lCCODEBUT1 _mBUT _p30.00 _r0 _sY _tBOOK _u2016-3-21 _xSALUD _PP33 _0COMPRA _o.STAFF. Colección Ciencias de la Salud |
||
| 949 |
_a616.80475 H32 2011 _wDEWEY _c2 _iFT02739 _lCCODEBUT1 _mBUT _p30.00 _r0 _sY _tBOOK _u2018-4-10 _xSALUD _PP33 _0COMPRA _o.STAFF. Colección Ciencias de la Salud |
||
| 949 |
_a616.80475 H32 _wDEWEY _c1 _i63593 _d2017-6-20 _e2017-6-18 _f2018-2-10 _g2 _lCCODEBUL1 _mBUL _n6 _p30.00 _r0 _sY _tBOOK _u2015-7-6 _xSALUD _PP33 _0COMPRA _o.STAFF. Colección Ciencias de la Salud |
||
| 949 |
_a616.80475 H32 _wDEWEY _c2 _i72035 _d2017-6-28 _e2017-6-25 _f2018-2-10 _g2 _lCCODEBUL1 _mBUL _n4 _p88.00 _r0 _sY _tBOOK _u2015-11-18 _xSALUD _PP33 _0COMPRA _o.STAFF. Colección Ciencias de la Salud |
||
| 994 |
_aC0 _bPEPRU |
||
| 596 | _a1 2 3 | ||
| 999 |
_a616.80475 H32 _wDEWEY _c52499 _i63593 _d52499 _e2017-6-18 _f2021-11-4 _g5 _lCCODEBUL1 _mBUL _n6 _p30.00 _q1 _r0 _sY _tBOOK _u2015-7-6 _xSALUD _zP33 _0COMPRA _o.STAFF. Colección Ciencias de la Salud |
||
| 999 |
_a616.80475 H32 _wDEWEY _c2 _i72035 _d2019-8-13 _e2017-6-25 _f2021-11-4 _g5 _lCCODEBUL1 _mBUL _n4 _p88.00 _q1 _r0 _sY _tBOOK _u2015-11-18 _xSALUD _zP33 _0COMPRA _o.STAFF. Colección Ciencias de la Salud |
||
| 999 |
_a616.80475 H32 2011 _wDEWEY _c1 _iFT02502 _f2019-2-20 _g1 _lCCODEBUT1 _mBUT _p30.00 _r0 _sY _tBOOK _u2016-3-21 _xSALUD _PP33 _0COMPRA _o.STAFF. Colección General |
||
| 999 |
_a616.80475 H32 2011 _wDEWEY _c2 _iFT02739 _f2019-2-20 _g1 _lCCODEBUT1 _mBUT _p30.00 _r0 _sY _tBOOK _u2018-4-10 _xSALUD _PP33 _0COMPRA _o.STAFF. Colección general |
||
| 999 |
_a616.80475 H32 2011 _wDEWEY _c1 _iFJ06640 _d2018-9-10 _e2018-9-6 _f2022-1-25 _g4 _lCCODEBUJ1 _mBUJ _n2 _p20.00 _r0 _sY _tBOOK _u2017-2-9 _xSALUD _PP33 _0COMPRA _o.STAFF. Colección General Juliaca |
||
| 980 |
_81 _gALBERTO SANCHEZ Responsable de Automatización |
||